• 首页
  • 本馆介绍
  • 公告通知
  • 最新文献
  • 馆藏检索
  • 电子资源
  • 读者导购
  • 参考咨询
  • 我的图书馆
  • 登录
  • 详细信息显示
  • 放入我的书架
  • 预约/预借图书
  • 作者相关作品
  • 分类相关作品
  • 丛书相关作品
  • 出版社相关作品

书目信息

  • 表格格式
  • 工作单格式
  • 卡片格式
题名:
舒伯特简易钢琴小品集锦
    
 
作者: 舒伯特 著 ;利曹尔 , 特佩尔 编
分册:  
出版信息: 北京   人民音乐出版社  2004
页数: 22页
开本: 31cm
丛书名:
单 册:
中图分类: J657.41(521) , J657.41
科图分类:
主题词: 钢琴谱 , 钢琴谱--奥地利--近代--选集
电子资源:
ISBN: 7-103-02941-5
000 01115ncm0 2200277 450
001 002869435
005 20070806180926.03
010    @a7-103-02941-5@dCNY10.00
100    @a20050427d2004 em y0chiy0110 ea
101 0  @achi
102    @aCN@b110000
105    @ay z 000yy
200 1  @a舒伯特简易钢琴小品集锦@9shu bo te jian yi gang qin xiao pin ji jin@e选自新编舒伯特原作版@f(德)瓦尔布加·利曹尔,(德)米夏埃尔·特佩尔编
210    @a北京@c人民音乐出版社@d2004
215    @a22页@d31cm
330    @a本曲集中的作品选自具有权威性的新编舒伯特原作版,其中大部分为深受人们喜爱的钢琴小品和舞曲。此外还有几首作品是研究舒伯特的学者最新发现的,虽鲜为人知,但旋律优美,通俗易奏,与舒伯特的其他作品具有同样的艺术价值。
510 1  @aFranz Schubert Easy Piano Pieces and Dances@zeng
606 0  @a钢琴谱
606 0  @a钢琴谱@y奥地利@z近代@j选集
690    @aJ657.41(521)@v4
690    @aJ657.41@v3
701  0 @c(奥)@a舒伯特@9shu bo te@c(Schubert, Franz@f1797~1828)@4著
702  0 @c(德)@a利曹尔@9li cao er@4编
702  0 @c( )@a特佩尔@9te pei er@4编
801  0 @aCN@bNLC@c20070806
905    @a10447@dJ657.41@e448
    
    舒伯特简易钢琴小品集锦:选自新编舒伯特原作版/(德)瓦尔布加·利曹尔,(德)米夏埃尔·特佩尔编.-北京:人民音乐出版社,2004
    22页;31cm
    
    
    ISBN 7-103-02941-5:CNY10.00
    本曲集中的作品选自具有权威性的新编舒伯特原作版,其中大部分为深受人们喜爱的钢琴小品和舞曲。此外还有几首作品是研究舒伯特的学者最新发现的,虽鲜为人知,但旋律优美,通俗易奏,与舒伯特的其他作品具有同样的艺术价值。
●
相关链接 在E读中查询图书 在五车中查询图书 在当当中查询图书 在豆瓣中查询图书


正题名:舒伯特简易钢琴小品集锦     索取号:J657.41/448         预约/预借

序号 登录号 条形码 馆藏地/架位号 状态 备注
1 0804480   208044800   第一样本阅览室/ [索取号:J657.41/448] 在馆    
2 0804481   208044819   第一借阅区/ [索取号:J657.41/448] 在馆    
3 0804482   208044828   第一借阅区/ [索取号:J657.41/448] 在馆    
4 0804483   208044837   第一借阅区/ [索取号:J657.41/448] 在馆    
5 0809109   208091090   密集书库-音乐系/ [索取号:J657.41/448] 在馆    
唐山师范学院图书馆 欢迎您!
大连网信软件有限公司© 版权所有